[Event "IECC Swiss-538.2"]
[Site "IECC email"]
[Date "2009.05.12"]
[Round "?"]
[White "Llorente Alvarez, Jose Luis"]
[Black "Dihrberg, Edward"]
[Result "1/2-1/2"]
[WhiteElo "1104"]
[BlackElo "1782"]
[PlyCount "69"]
[EventDate "2009.??.??"]
[EventType "tourn (corr)"]
[EventRounds "1"]
[SourceTitle "Telechess CBM 137"]
[Source "ChessBase"]
[SourceDate "2010.07.15"]
[SourceVersion "1"]
[SourceVersionDate "2010.07.15"]
[SourceQuality "1"]
[WhiteTeam "Spain"]
[BlackTeam "US of America"]
[WhiteTeamCountry "ESP"]
[BlackTeamCountry "USA"]

1. e4 e5 2. Nf3 Nc6 3. Bb5 Nf6 4. 0-0 Nxe4 5. d4 Nd6 6. Bxc6 dxc6 7. dxe5 Nf5 8. Qxd8+ Kxd8 9. Rd1+ Ke8 10. Nc3 Be7 11. Ne2 Bd7 12. b3 Rd8 13. Nf4 Bc8 14. Bb2 Rg8 15. c4 Nh4 16. Rxd8+ Kxd8 17. Rd1+ Ke8 18. Nxh4 Bxh4 19. f3 Bg5 20. Nh5 Be3+ 21. Kf1 Be6 22. g4 Bc5 23. Ke2 a5 24. h3 Be7 25. Bc3 b6 26. a4 g6 27. Nf6+ Bxf6 28. exf6 Bd7 29. h4 Kd8 30. Kf2 Kc8 31. Rh1 Be6 32. h5 Rd8 33. hxg6 hxg6 34. Ke3 Re8 35. Kf4 1/2-1/2

[Event "IECC Swiss-522.3"]
[Site "IECC email"]
[Date "2008.04.14"]
[Round "?"]
[White "Blackman, Leon"]
[Black "Dihrberg, Edward"]
[Result "1-0"]
[WhiteElo "1751"]
[BlackElo "1776"]
[PlyCount "73"]
[EventDate "2008.??.??"]
[EventType "tourn (corr)"]
[EventRounds "1"]
[SourceTitle "Corr 2011"]
[Source "ChessBase"]
[SourceDate "2010.08.31"]
[SourceVersion "1"]
[SourceVersionDate "2010.08.31"]
[SourceQuality "1"]
[WhiteTeam "Australia"]
[BlackTeam "US of America"]
[WhiteTeamCountry "AUS"]
[BlackTeamCountry "USA"]

1. Nf3 g6 2. d4 Nf6 3. c4 Bg7 4. g3 d5 5. cxd5 Nxd5 6. Bg2 0-0 7. 0-0 c5 8. dxc5 Na6 9. Ng5 e6 10. Ne4 Bd7 11. Nbc3 Bc6 12. Nxd5 exd5 13. Nd6 Nxc5 14. Bxd5 Ba4 15. Qd2 Qe7 16. Rb1 Rad8 17. Nxf7 Rxf7 18. Bxf7+ Kxf7 19. Qf4+ Ke8 20. Be3 Bc6 21. Rfe1 Qe4 22. Qxe4+ Nxe4 23. f3 Nd2 24. Rbc1 Bf8 25. Red1 Bb4 26. Bxa7 Bb5 27. Kf2 Ra8 28. Bc5 Ba4 29. b3 Bxc5+ 30. Rxc5 Rd8 31. Re5+ Kf7 32. bxa4 Nxf3 33. Rxd8 Nxe5 34. Rb8 h5 35. Rxb7+ Ke6 36. a5 Kd6 37. a6 1-0

[Event "IECC Swiss-522.2"]
[Site "IECC email"]
[Date "2007.10.08"]
[Round "?"]
[White "Dihrberg, Edward"]
[Black "Bottoni, Carlo"]
[Result "1/2-1/2"]
[WhiteElo "1781"]
[BlackElo "1685"]
[PlyCount "80"]
[EventDate "2007.??.??"]
[EventType "swiss (corr)"]
[EventRounds "1"]
[SourceTitle "Corr 2020"]
[Source "ChessBase"]
[SourceDate "2019.09.30"]
[SourceVersion "1"]
[SourceVersionDate "2019.09.30"]
[SourceQuality "1"]
[WhiteTeam "United States"]
[BlackTeam "Italy"]
[WhiteTeamCountry "USA"]
[BlackTeamCountry "ITA"]

1. d4 d5 2. Bg5 Nf6 3. Nc3 Bf5 4. f3 Nbd7 5. Nxd5 Nxd5 6. e4 f6 7. Bh4 e5 8. exd5 exd4 9. Qxd4 Bxc2 10. Bb5 a6 11. Be2 Nb6 12. Rc1 Bg6 13. Nh3 Nxd5 14. 0-0 c6 15. Bc4 Qb6 16. Rfe1+ Be7 17. Qxb6 Nxb6 18. Bb3 Bf7 19. Bf2 Nc8 20. Rc3 0-0 21. Rd3 Bxb3 22. Rxb3 b6 23. Rd3 Kf7 24. Rd7 Rd8 25. Rc7 c5 26. Nf4 g5 27. Ne2 Ra7 28. Rc6 Rb7 29. Nc3 Na7 30. Rce6 Nb5 31. Na4 Bd6 32. Bg3 h5 33. Kf1 h4 34. Bxd6 Rxd6 35. Rxd6 Nxd6 36. Re3 Nb5 37. h3 Nd4 38. Kf2 a5 39. Kf1 Rb8 40. Kf2 Rb7 1/2-1/2

[Event "Norman OU Febr op"]
[Site "Norman"]
[Date "2004.01.31"]
[Round "1"]
[White "Simpson, Tom"]
[Black "Dihrberg, Edward"]
[Result "0-1"]
[WhiteElo "889"]
[BlackElo "1779"]
[PlyCount "60"]
[EventDate "2004.01.31"]
[EventType "swiss"]
[EventRounds "5"]
[EventCountry "USA"]
[EventCategory "1"]
[SourceTitle "EXT 2006"]
[Source "ChessBase"]
[SourceDate "2005.11.24"]
[SourceVersion "1"]
[SourceVersionDate "2005.11.24"]
[SourceQuality "1"]

1. e4 e5 2. Nf3 Nc6 3. d4 exd4 4. Nxd4 Qf6 5. Be3 Bc5 6. c3 Nge7 7. Bc4 0-0 8. 0-0 a6 9. Qd3 d6 10. h3 Ne5 11. Qe2 Qg6 12. f3 Bxh3 13. Rf2 Bd7 14. Nd2 b5 15. Bd3 f5 16. Bc2 f4 17. Bb3+ Kh8 18. Bxf4 Rxf4 19. Qe3 Rh4 20. Bd5 Qh5 21. Kf1 Nxd5 22. exd5 Rh1+ 23. Ke2 Rxa1 24. g3 Rxa2 25. Qe4 Rxb2 26. g4 Qg5 27. f4 Qxg4+ 28. Ke3 Qg3+ 29. Ke2 Rxd2+ 30. Kxd2 Qxf2+ 0-1